<?xml version="1.0" encoding="UTF-8"?>
<record
    xmlns:xsi="http://www.w3.org/2001/XMLSchema-instance"
    xsi:schemaLocation="http://www.loc.gov/MARC21/slim http://www.loc.gov/standards/marcxml/schema/MARC21slim.xsd"
    xmlns="http://www.loc.gov/MARC21/slim">

  <leader>00938nam a2200229 a 4500</leader>
  <controlfield tag="001">54540</controlfield>
  <controlfield tag="003">BD-RjUL</controlfield>
  <controlfield tag="005">20211209080133.0</controlfield>
  <controlfield tag="008">161107s1961    bg ||||| |||| 00| 0 ben d</controlfield>
  <datafield tag="035" ind1=" " ind2=" ">
    <subfield code="a">(BD-RjUL)54662</subfield>
  </datafield>
  <datafield tag="040" ind1=" " ind2=" ">
    <subfield code="a">BD-RjUL</subfield>
    <subfield code="b">ben</subfield>
    <subfield code="c">BD-RjUL</subfield>
    <subfield code="d">BD-RjUL</subfield>
  </datafield>
  <datafield tag="041" ind1=" " ind2=" ">
    <subfield code="a">ben</subfield>
  </datafield>
  <datafield tag="082" ind1=" " ind2=" ">
    <subfield code="2">23</subfield>
    <subfield code="a">613.94</subfield>
    <subfield code="b">HAS 1961</subfield>
  </datafield>
  <datafield tag="100" ind1=" " ind2=" ">
    <subfield code="a">&#x9B9;&#x9BE;&#x9B8;&#x9BE;&#x9A8;&#x9BE;&#x9CE;, &#x986;&#x9AC;&#x9C1;&#x9B2;</subfield>
    <subfield code="9">127277</subfield>
  </datafield>
  <datafield tag="245" ind1="1" ind2="0">
    <subfield code="a">&#x9B8;&#x99A;&#x9BF;&#x9A4;&#x9CD;&#x9B0; &#x99C;&#x9A8;&#x9CD;&#x9AE; &#x9A8;&#x9BF;&#x9AF;&#x9BC;&#x9A8;&#x9CD;&#x9A4;&#x9CD;&#x9B0;&#x9A3; :</subfield>
    <subfield code="b">(&#x9AE;&#x9A4; &#x993; &#x9AA;&#x9A5;) /</subfield>
    <subfield code="c">&#x986;&#x9AC;&#x9C1;&#x9B2; &#x9B9;&#x9BE;&#x9B8;&#x9BE;&#x9A8;&#x9BE;&#x9CE;, </subfield>
  </datafield>
  <datafield tag="250" ind1=" " ind2=" ">
    <subfield code="a">&#x9B8;&#x982;. &#x993; &#x9AA;&#x9B0;&#x9BF;&#x9AE;&#x9BE;&#x9B0;&#x9CD;&#x99C;&#x9BF;&#x9A4; &#x9ED;&#x9AE; &#x9B8;&#x982;.</subfield>
  </datafield>
  <datafield tag="260" ind1=" " ind2=" ">
    <subfield code="a">&#x9A2;&#x9BE;&#x995;&#x9BE; :</subfield>
    <subfield code="b">&#x9AB;&#x9CD;&#x9AF;&#x9BE;&#x9AE;&#x9BF;&#x9B2;&#x9BF; &#x993;&#x9AF;&#x9BC;&#x9C7;&#x9B2;&#x9AB;&#x9C7;&#x9AF;&#x9BC;&#x9BE;&#x9B0; &#x9B8;&#x9BE;&#x9B0;&#x9CD;&#x9AD;&#x9BF;&#x9B8;&#x9C7;&#x9B8;,</subfield>
    <subfield code="c">&#x9E7;&#x9EF;&#x9EC;&#x9E7;.</subfield>
  </datafield>
  <datafield tag="300" ind1=" " ind2=" ">
    <subfield code="a">&#x9E7;&#x9EA;&#x9ED;, (&#x9E7;&#x9E9;) &#x9AA;&#x9C3;. :</subfield>
    <subfield code="b">&#x99A;&#x9BF;&#x9A4;&#x9CD;&#x9B0; ;</subfield>
    <subfield code="c">&#x9E7;&#x9EE; &#x9B8;&#x9C7;&#x9AE;&#x9BF;.</subfield>
  </datafield>
  <datafield tag="650" ind1=" " ind2=" ">
    <subfield code="a">&#x99C;&#x9A8;&#x9CD;&#x9AE; &#x9A8;&#x9BF;&#x9AF;&#x9BC;&#x9A8;&#x9CD;&#x9A4;&#x9CD;&#x9B0;&#x9A3;</subfield>
    <subfield code="9">162697</subfield>
  </datafield>
  <datafield tag="650" ind1=" " ind2=" ">
    <subfield code="a">Birth Control</subfield>
    <subfield code="9">162698</subfield>
  </datafield>
  <datafield tag="942" ind1=" " ind2=" ">
    <subfield code="2">ddc</subfield>
    <subfield code="c">BK</subfield>
  </datafield>
  <datafield tag="999" ind1=" " ind2=" ">
    <subfield code="c">54540</subfield>
    <subfield code="d">54540</subfield>
  </datafield>
  <datafield tag="952" ind1=" " ind2=" ">
    <subfield code="0">0</subfield>
    <subfield code="1">0</subfield>
    <subfield code="2">ddc</subfield>
    <subfield code="4">0</subfield>
    <subfield code="7">0</subfield>
    <subfield code="8">NFIC</subfield>
    <subfield code="a">RUCL</subfield>
    <subfield code="b">RUCL</subfield>
    <subfield code="c">Stack</subfield>
    <subfield code="d">1968-07-17</subfield>
    <subfield code="e">Nowrose, Dhaka.</subfield>
    <subfield code="g">2.00</subfield>
    <subfield code="l">0</subfield>
    <subfield code="o">B 613.94 HAS 1961</subfield>
    <subfield code="r">2016-11-07 00:00:00</subfield>
    <subfield code="t">C-2</subfield>
    <subfield code="w">2016-11-07</subfield>
    <subfield code="y">BK</subfield>
  </datafield>
</record>
